| Tag |
First Indicator |
Second Indicator |
Subfields |
| LEADER |
00000cam a2200000 a 4500 |
| 001 |
in00000758331 |
| 005 |
20151017053546.0 |
| 008 |
880616s1989 ilu b 00100 eng |
| 010 |
|
|
|a 88020522
|
| 020 |
|
|
|a 0226756939
|
| 020 |
|
|
|a 0226756947 (pbk.)
|
| 035 |
|
|
|a (OCoLC)18164985
|
| 035 |
|
|
|9 ADL5158AM
|
| 040 |
|
|
|a DLC
|c DLC
|d TXA
|d UtOrBLW
|
| 049 |
|
|
|a TXAM
|c [A11873112]
|
| 050 |
0 |
0 |
|a JA76
|b .P5928 1989
|
| 082 |
0 |
|
|a 306/.2
|2 19
|
| 245 |
0 |
0 |
|a Political learning in adulthood :
|b a sourcebook of theory and research /
|c edited by Roberta S. Sigel.
|
| 264 |
|
1 |
|a Chicago :
|b University of Chicago Press,
|c 1989.
|
| 300 |
|
|
|a xvi, 483 pages ;
|c 24 cm.
|
| 336 |
|
|
|a text
|b txt
|2 rdacontent
|
| 337 |
|
|
|a unmediated
|b n
|2 rdamedia
|
| 338 |
|
|
|a volume
|b nc
|2 rdacarrier
|
| 504 |
|
|
|a Includes bibliographies and index.
|
| 650 |
|
0 |
|a Political socialization.
|
| 700 |
1 |
|
|a Sigel, Roberta S.
|
| 999 |
|
|
|a MARS
|
| 999 |
f |
f |
|s 16916164-4866-3ffb-a8a0-9436ce2b309c
|i 19413987-7bd6-36d1-bc6e-adf474afa4ba
|t 0
|
| 952 |
f |
f |
|p ric
|a Texas A&M University
|b Rellis Campus
|c Joint Library Facility
|d Remote Storage
|t 0
|e JA76 .P5928 1989
|h Library of Congress classification
|i unmediated -- volume
|m A14819606721
|
| 998 |
f |
f |
|a JA76 .P5928 1989
|t 0
|l Remote Storage
|